| 000 | 00370nam a2200145Ia 4500 | ||
|---|---|---|---|
| 008 | 221030s9999 xx 000 0 und d | ||
| 020 | _a9350144169 | ||
| 041 | _aEnglish | ||
| 100 | _aP. S. Gill | ||
| 245 | 2 |
_aA Text book of Machine Drawing _cby P. S. Gill |
|
| 260 |
_bS. K. Kataria & Sons _aNew Delhi _c2014 |
||
| 300 | _a698 | ||
| 650 | _aBB Mechanics | ||
| 942 | _cBK | ||
| 999 |
_c15416 _d15416 |
||